00000000nam 2200000zi 4500
0019.932687
003CaOODSP
00520241121114542
006m     o  d f      
007cr |n|||||||||
008231229s1964    quc     o    f|0| 0 fre d
040 |aCaOODSP|bfre|erda|cCaOODSP
043 |an-cn-qu
0861 |aCW66-1509/1964F-PDF
1001 |aLaperle, Marcel, |eauteur.
24514|aLes anatidés de l'estuaire des tributaires de la Baie de Gaspé, 1964 / |cpar Marcel Laperle.
264 1|a[Sainte-Foy, Québec] : |b[Service canadien de la faune], |c1964.
300 |a1 ressource en ligne (pages 205-213)
336 |atexte|btxt|2rdacontent/fre
337 |ainformatique|bc|2rdamedia/fre
338 |aressource en ligne|bcr|2rdacarrier/fre
500 |aÉdition numérisée de l’imprimé [par Environnement et changement climatique Canada].
500 |aTitre de départ.
650 6|aAnatidés|zQuébec (Province)|zGaspé.
650 6|aAnatidae|zQuébec (Province)|zGaspé.
7102 |aService canadien de la faune, |eorganisme de publication.
85640|qPDF|s300 Ko|uhttps://publications.gc.ca/collections/collection_2024/eccc/cw66/CW66-1509-1964-fra.pdf